Normal view
MARC view
Entry Topical Term
001 - CONTROL NUMBER
- control field: 14430
003 - CONTROL NUMBER IDENTIFIER
- control field: OSt
005 - DATE AND TIME OF LATEST TRANSACTION
- control field: 20260127095123.0
008 - FIXED-LENGTH DATA ELEMENTS
- fixed length control field: 260127|| aca||aabn | a|a d
040 ## - CATALOGING SOURCE
- Original cataloging agency: OSt
- Transcribing agency: OSt
150 ## - HEADING--TOPICAL TERM
- Topical term or geographic name entry element: Social classes
- Geographic subdivision: Chile
670 ## - SOURCE DATA FOUND
- Source citation: Work cat.: (OSt)5484: Gayo, Modesto, author. 14427, The politics of the elite :
